000
00265nam a2200121Ia 4500
008
191201s2019 xx 000 0 und d
100
_a
DUTT, Saikat
245
0
_a
Machine Learning
260
_b
Pearsons
300
_a
428
650
_a
B.Tech(IT)
942
_2
ddc
_c
BK
999
_c
7052
_d
7052